000 01227cam a2200325 i 4500
001 30205
003 Mx-PuUPA
005 20231031144441.0
008 140415s1993 njua gr 000 0 eng d
020 _a0813519314
_qrústica
040 _cMx-PuUPA
_aMx-PuUPA
_bspa
_dMx-PuUPA
_erda
041 0 _aeng
100 1 _aGruner, Elliott,
_915061
_eautor
245 1 0 _aPrisoners of culture :
_brepresenting the Vietnam pow /
_cElliott Gruner
264 1 _aNew Jersey :
_bRutgers University Press,
_c©1993
300 _ax, 245 páginas :
_bilustraciones ;
_c23 cm
336 _2rdacontent
_atexto
_btxt
337 _2rdamedia
_asin medio
_bn
338 _2rdacarrier
_avolumen
_bnc
490 0 _aCommunications, Media, and Culture
650 7 _2armarc
_aGuerra de Vietnam, 1961-1975
_xLos medios de comunicación y la guerra
650 7 _2armarc
_aPrisioneros de guerra en los medios de comunicación
650 7 _2armarc
_aPrisioneros de guerra
_zEstados Unidos
650 7 _2armarc
_aPrisioneros de guerra
_zVietnam
942 _2ddc
_cLI
_h303.66
_iG885
999 _c30205
_d30205